Normal view
MARC view
- NEURAL NETWORKS(COMPUTER SCIENCE). PATTERN RECOGNTION SYSTEMS
Entry Topical Term
001 - CONTROL NUMBER
- control field: 61661
003 - CONTROL NUMBER IDENTIFIER
- control field: NUST
005 - DATE AND TIME OF LATEST TRANSACTION
- control field: 20210628202807.0
008 - FIXED-LENGTH DATA ELEMENTS
- fixed length control field: 210628|| aca||aabn | a|a d
040 ## - CATALOGING SOURCE
- Original cataloging agency: NUST
- Transcribing agency: NUST
150 ## - HEADING--TOPICAL TERM
- Topical term or geographic name entry element: NEURAL NETWORKS(COMPUTER SCIENCE). PATTERN RECOGNTION SYSTEMS
670 ## - SOURCE DATA FOUND
- Source citation: Work cat.: (NUST): Samarasinghe, Sandhya 61660, Neural networks for applied sciences and engineering, from fundamentals to complex pattern recognition, 2007
